| 000 | 00440pab a2200169 454500 | ||
|---|---|---|---|
| 008 | 180718b1995 xxu||||| |||| 00| 0 eng d | ||
| 100 | _aKhan, Zamal | ||
| 245 | _aPublic policy and the impact of the ABC highway on land use in Barbados | ||
| 260 | _c1995 | ||
| 300 | _ap.43-51 | ||
| 362 | _aJul-Dec | ||
| 650 | _aLand use - Barbados | ||
| 650 | _aLand economics | ||
| 700 | _aClarke, Hallam | ||
| 773 | _aPrashasnika | ||
| 909 | _a31083 | ||
| 999 |
_c31083 _d31083 |
||